000 00226nam a2200097Ia 4500
008 190216s9999||||xx |||||||||||||| ||und||
100 _aAbdussalam A J
245 0 _aSangethika Varapp
260 _bKerala Basha Inst
942 _cBK
999 _c37723
_d37723